Historia del reinado de Carlos III en España

Đã lưu trong:
Chi tiết về thư mục
Tác giả chính: Ferrer del Río, Antonio (Tác giả)
Định dạng: Sách
Ngôn ngữ:Tiếng Tây Ban Nha
Được phát hành: Madrid, España Matute y Compagni 1856
Những chủ đề:
Các nhãn: Thêm thẻ
Không có thẻ, Là người đầu tiên thẻ bản ghi này!

MARC

LEADER 00000nam a2200000 a 4500
001 UCI6679
003 CL-VaPUC
005 20200413161353.0
008 080523e18560000SP |||||||||||||||||spa|d
999 |c 330129  |d 330127 
040 |c Pontificia Universidad Católica de Valparaíso 
082 0 4 |a 946.057 FER 1856  |2 21 
100 0 |a Ferrer del Río, Antonio  |e author  |9 515029 
245 1 0 |a Historia del reinado de Carlos III en España 
260 |a Madrid, España  |b Matute y Compagni  |c 1856 
300 |a volúmenes 
500 |a Donación Padres Capuchinos 
583 |a last modification  |c 20080523 00:00:00  |k Rodrigo Vera 
600 0 7 |a CARLOS III, REY DE ESPAÑA  |2 CL-VaPUC  |9 316485 
650 7 |a HISTORIA DE ESPAÑA  |2 CL-VaPUC  |9 322090  |y SIGLO 18 
942 |c BK  |2 ddc 
945 |d 20080523 00:00:00  |a rbrito 
952 |0 0  |1 0  |2 ddc  |4 0  |6 946_057000000000000_FER_1856  |7 0  |8 X  |9 415489  |a FDOBUD  |b FDOBUD  |d 2019-11-22  |h v.2  |i 4441346  |o 946.057 FER 1856  |p 4441346  |r 2019-11-22  |t 1  |w 2019-11-22  |y BK_X  |k BUD 
952 |0 0  |1 0  |2 ddc  |4 0  |6 946_057000000000000_FER_1856  |7 0  |8 X  |9 415490  |a FDOBUD  |b FDOBUD  |d 2019-11-22  |h v.3  |i 4441354  |o 946.057 FER 1856  |p 4441354  |r 2019-11-22  |t 1  |w 2019-11-22  |y BK_X  |k BUD 
952 |0 0  |1 0  |2 ddc  |4 0  |6 946_057000000000000_FER_1856  |7 0  |8 X  |9 415491  |a FDOBUD  |b FDOBUD  |d 2019-11-22  |h v.4  |i 4441362  |o 946.057 FER 1856  |p 4441362  |r 2019-11-22  |t 1  |w 2019-11-22  |y BK_X  |k BUD